BPF/IPD annual lease review 2006 (Record no. 106180)

MARC details
000 -LEADER
fixed length control field 01327cam a2200253 4500
001 - CONTROL NUMBER
control field ##L135740
008 - FIXED-LENGTH DATA ELEMENTS--GENERAL INFORMATION
fixed length control field 061205n2006 000 0 eng u
035 ## - SYSTEM CONTROL NUMBER
System control number (Sirsi) u135740
041 0# - LANGUAGE CODE
Language code of text/sound track or separate title eng
050 04 - LIBRARY OF CONGRESS CALL NUMBER
Classification number 346.4104343 $2 18
110 2# - MAIN ENTRY--CORPORATE NAME
Corporate name or jurisdiction name as entry element British Property Federation
9 (RLIN) 1604
245 00 - TITLE STATEMENT
Title BPF/IPD annual lease review 2006
250 ## - EDITION STATEMENT
Edition statement 9th ed.
260 ## - PUBLICATION, DISTRIBUTION, ETC.
Place of publication, distribution, etc. London
Name of publisher, distributor, etc. BPF
Place of publication, distribution, etc. London
Name of publisher, distributor, etc. IPD
Date of publication, distribution, etc. 2006
490 #0 - SERIES STATEMENT
Series statement BPF/IPD Annual Lease Review
Volume/sequential designation 2006
520 ## - SUMMARY, ETC.
Summary, etc. Provides a detailed analysis of lease lengths, break clauses, review cycles, rent free periods and income profiles spanning the office, retail and industrial sectors. Incorporates the 10 363 new leases granted between January 2005 and March 2006. Reveals that shorter leases have become much more common; 65% of leases granted in 2005-06 were for five years or less while less than 5% of leases were for over 15 years.
590 ## - LOCAL NOTE (RLIN)
Local note KA NTK
650 24 - SUBJECT ADDED ENTRY--TOPICAL TERM
Topical term or geographic name entry element BPF/IPD ANNUAL LEASE REVIEW
651 #4 - SUBJECT ADDED ENTRY--GEOGRAPHIC NAME
Geographic name United Kingdom
Chronological subdivision
690 ## - LOCAL SUBJECT ADDED ENTRY--TOPICAL TERM (OCLC, RLIN)
Topical term or geographic name as entry element PROPERTY-COMMERCIAL PROPERTY-LEASEHOLD COMMERCIAL PROPERTY-COMMERCIAL LANDLORD AND TENANT-COMMERCIAL LEASES
710 2# - ADDED ENTRY--CORPORATE NAME
Corporate name or jurisdiction name as entry element Investment Property Databank
9 (RLIN) 2288
856 40 - ELECTRONIC LOCATION AND ACCESS
Uniform Resource Identifier <a href="https://www.bpf.org.uk/en/files/bpf_documents/commercial/BPF_IPD_Annual_Lease_Review_2006.pdf">https://www.bpf.org.uk/en/files/bpf_documents/commercial/BPF_IPD_Annual_Lease_Review_2006.pdf</a>
Public note View the review free of charge at www.bpf.org.uk.
942 ## - ADDED ENTRY ELEMENTS (KOHA)
Suppress in OPAC 0
Holdings
Withdrawn status Lost status Source of classification or shelving scheme Damaged status Not for loan Home library Current library Shelving location Date acquired Total Checkouts Full call number Barcode Date last seen Copy number Price effective from Koha item type
    Dewey Decimal Classification     Virtual Virtual Online 05/12/2006   ONLINE PUBLICATION 135740-2001 06/08/2019 1 06/08/2019 Book